Manual de Prevencin̤ de Riesgos Laborales Para No Iniciados

Bibliographic Details
Main Author: Fernǹdez Garca̕, Ricardo
Format: eBook
Language:Spanish
Published: Alicante : Editorial Club Universitario, 2008
Subjects:
Online Access:http://www.vlex.com/source/7378

MARC

LEADER 00000nam a22000007a 4500
005 20130228184535.0
007 cr|||| ||||
008 130228e2008 sp |||||s|||| 00||0 spa d
020 |a 978-84-8454-697-9 
035 |a 7378 
040 |a vLex 
090 |c 3796  |d 3796 
100 1 0 |a Fernǹdez Garca̕, Ricardo  
245 1 0 |a Manual de Prevencin̤ de Riesgos Laborales Para No Iniciados  |h [Recurso electrn̤ico]  |c / Ricardo Fernǹdez Garca̕ 
256 |a Servicio en ln̕ea 
260 |a Alicante :  |b Editorial Club Universitario,   |c 2008 
300 |a 1 Recurso electrn̤ico 
650 0 4 |a Seguridad y salud laboral  |z Espaą 
650 0 4 |a Derecho laboral y Seguridad Social  |z Espaą 
740 |a vLex Libros (Servicio en ln̕ea) 
856 |a Acceso restringido  |u http://www.vlex.com/source/7378 
942 |c BOOK